000 01210cam a22003495a 4500
001 14853624
003 OSt
005 20140310181721.0
008 070517s2007 nyu 000 0 eng
010 _a 2007929112
020 _a9780312425074 (pbk. : alk. paper)
020 _a0312425074 (pbk. : alk. paper)
040 _aDLC
_cDLC
_dDLC
050 _aHM 846
_b.F911 2007
082 _aIB 303.48
_bF91 2007
100 1 _aFriedman, Thomas L.
245 1 4 _aThe world is flat :
_ba brief history of the twenty-first century /
_cThomas L. Friedman
260 _aNew York, NY :
_bPicador,
_c2005.
300 _a660 p. :
_c21 cm.
562 _e2
650 _a Diffusion of innovations.
650 _a2. Information society.
650 _a 3. Globalization--Economic aspects.
650 _a4. Globalization--Social aspects.
856 4 2 _3Contributor biographical information
_uhttp://www.loc.gov/catdir/enhancements/fy0727/2007929112-b.html
856 4 2 _3Publisher description
_uhttp://www.loc.gov/catdir/enhancements/fy0727/2007929112-d.html
906 _a0
_bibc
_corignew
_d2
_eepcn
_f20
_gy-gencatlg
942 _2lcc
_cBK
999 _c1972
_d1972